[Event "CZE-tht Extraliga 2018-19"]
[Site "Czech Republic"]
[Date "2019.02.10"]
[Round "8.1"]
[White "Konopka, Michal"]
[Black "Shengelia, David"]
[Result "0-1"]
[WhiteElo "2364"]
[BlackElo "2528"]
[Annotator "ChessBase"]
[PlyCount "62"]
[EventDate "2018.11.03"]
[EventType "team-tourn"]
[EventCountry "CZE"]
[SourceTitle "playchess.com"]
[Source "ChessBase"]
[SourceQuality "1"]
[WhiteTeam "Siesta B"]
[BlackTeam "Duras"]
[TimeControl "40/5400+30:1800+30"]

1. Nf3 {[%emt 0:00:00]} d5 {[%emt 0:00:00]} 2. d4 {[%emt 0:00:13]} e6 {[%emt 0:00:00]} 3. g3 {[%emt 0:01:26]} b5 {[%emt 0:04:26]} 4. Qd3 {[%emt 0:10:22]} Ba6 {[%emt 0:12:40]} 5. Bg2 {[%emt 0:14:53]} Nf6 {[%emt 0:01:32]} 6. O-O {[%emt 0:00:27]} c5 {[%emt 0:15:19]} 7. c3 {[%emt 0:00:41]} b4 {[%emt 0:03:58]} 8. Qc2 {[%emt 0:01:56]} Nbd7 {[%emt 0:01:18]} 9. Bg5 {[%emt 0:08:39]} Rc8 {[%emt 0:01:53]} 10. Re1 {[%emt 0:12:26]} Qb6 {[%emt 0:04:28]} 11. Bxf6 {[%emt 0:16:11]} Nxf6 {[%emt 0:01:23]} 12. e3 {[%emt 0:00:52]} Be7 {[%emt 0:00:58]} 13. Qb3 {[%emt 0:06:24]} O-O {[%emt 0:13:46]} 14. Nbd2 {[%emt 0:09:26]} Rc7 {[%emt 0:02:27]} 15. Rec1 {[%emt 0:08:52]} Rfc8 {[%emt 0:00:50]} 16. cxb4 {[%emt 0:01:26]} c4 {[%emt 0:08:30]} 17. Qc2 {[%emt 0:00:50]} Qxb4 {[%emt 0:00:09]} 18. Bf1 {[%emt 0:02:19]} Bd6 {[%emt 0:06:44]} 19. Qc3 {[%emt 0:00:41]} Qb6 {[%emt 0:01:21]} 20. Rab1 {[%emt 0:01:04]} Bb4 {[%emt 0:07:05]} 21. Qc2 {[%emt 0:00:33]} g6 {[%emt 0:04:24]} 22. Qd1 {[%emt 0:00:32]} Kg7 {[%emt 0:02:08]} 23. Ra1 {[%emt 0:00:28]} Bd6 {[%emt 0:03:22]} 24. Rab1 {[%emt 0:00:15]} Qa5 {[%emt 0:01:30]} 25. Qc2 {[%emt 0:00:41]} Bb5 {[%emt 0:00:46]} 26. a3 {[%emt 0:00:47]} Ba4 {[%emt 0:00:51]} 27. Qc3 {[%emt 0:00:02]} Qb6 {[%emt 0:00:17]} 28. Ne5 {[%emt 0:00:26]} a5 {[%emt 0:00:20]} 29. Ndf3 {[%emt 0:01:05]} Ne4 {[%emt 0:00:30]} 30. Qe1 {[%emt 0:00:05]} f6 {[%emt 0:00:30]} 31. b3 {[%emt 0:00:11]} Bxb3 {[%emt 0:00:25]} 0-1

[Event "CZE-tht Extraliga 2018-19"]
[Site "Czech Republic"]
[Date "2019.02.10"]
[Round "8.2"]
[White "Azarov, Sergei"]
[Black "Navara, David"]
[Result "1-0"]
[WhiteElo "2578"]
[BlackElo "2738"]
[Annotator "TA"]
[PlyCount "43"]
[EventDate "2018.11.03"]
[EventType "team-tourn"]
[EventCountry "CZE"]
[SourceTitle "playchess.com"]
[Source "ChessBase"]
[SourceQuality "1"]
[WhiteTeam "Beskydska"]
[BlackTeam "Novoborsky"]

{[%evp 13,43,3,15,20,25,0,22,0,83,116,138,140,224,202,252,219,231,229,536,539,539,539,614,510,518,518,705,697,766,766,1022,1103]} 1. e4 c5 2. Nf3 d6 3. d4 cxd4 4. Nxd4 Nf6 5. Nc3 a6 6. Bg5 Nbd7 7. f4 Qc7 8. Be2 {B94: Sicilian Najdorf: 6 Bg5 Nbd7} e6 9. O-O h6 (9... Be7 10. Kh1 b5 11. Bf3 Bb7 12. Bxf6 Nxf6 13. e5 dxe5 14. fxe5 Nd7 15. Bxb7 Qxb7 {½-½ (65) Azarov,S (2582)-Fedoseev,V (2690) Minsk 2017}) 10. Bh4 {The position is equal.} b5 $146 (10... Be7 $11 {keeps the balance.}) ({Predecessor:} 10... Be7 11. Bf3 Nb6 12. Re1 O-O 13. Kh1 Nxe4 14. Rxe4 Bxh4 15. f5 Qe7 16. fxe6 fxe6 17. Nxe6 Bxe6 {½-½ (26) Cantin Zaborras,V (2085)-Juberias Segura,S (2055) Spain 2011}) 11. f5 $16 exf5 12. Nxf5 ({Resist} 12. exf5 Be7 $14) 12... Bb7 {[#]} (12... g6 $16 {was worth a try.}) 13. Kh1 $1 $18 b4 14. Nd5 Nxd5 15. exd5 Qc5 $2 (15... Ne5 {is a better chance.} 16. a3 g6) 16. c4 {White is clearly winning.} g6 17. Re1 g5 18. Bg3 O-O-O 19. a3 a5 20. axb4 axb4 21. Bh5 f6 22. Nd4 {Precision: White = 88%, Black = 21%.} 1-0

[Event "CZE-tht Extraliga 2018-19"]
[Site "Czech Republic"]
[Date "2019.02.10"]
[Round "8.2"]
[White "Hracek, Zbynek"]
[Black "Markowski, Tomasz"]
[Result "1-0"]
[WhiteElo "2568"]
[BlackElo "2550"]
[Annotator "ChessBase"]
[PlyCount "47"]
[EventDate "2018.11.03"]
[EventType "team-tourn"]
[EventCountry "CZE"]
[SourceTitle "playchess.com"]
[Source "ChessBase"]
[SourceQuality "1"]
[WhiteTeam "Pardubice"]
[BlackTeam "Poruba"]
[TimeControl "40/5400+30:1800+30"]

1. e4 {[%emt 0:00:00]} c5 {[%emt 0:00:00]} 2. Nf3 {[%emt 0:00:00]} e6 {[%emt 0:00:00]} 3. d4 {[%emt 0:00:00]} cxd4 {[%emt 0:00:00]} 4. Nxd4 {[%emt 0:00:00]} a6 {[%emt 0:00:00]} 5. c4 {[%emt 0:00:06]} Nf6 {[%emt 0:00:00]} 6. Nc3 {[%emt 0:00:06]} Qc7 {[%emt 0:00:00]} 7. Be2 {[%emt 0:00:41]} Bb4 {[%emt 0:00:26]} 8. Nc2 {[%emt 0:01:07]} Be7 {[%emt 0:00:02]} 9. Be3 {[%emt 0:00:08]} O-O {[%emt 0:00:36]} 10. Qd2 {[%emt 0:03:33]} b6 {[%emt 0:01:19]} 11. f3 {[%emt 0:00:40]} d6 {[%emt 0:00:45]} 12. g4 {[%emt 0:02:05]} Bb7 {[%emt 0:01:21]} 13. O-O-O {[%emt 0:04:51]} Nc6 {[%emt 0:00:09]} 14. g5 {[%emt 0:08:01]} Nd7 {[%emt 0:00:14]} 15. b3 {[%emt 0:02:16]} Rfc8 {[%emt 0:04:02]} 16. Kb2 {[%emt 0:00:16]} Nce5 {[%emt 0:06:47]} 17. f4 {[%emt 0:04:10]} Ng6 {[%emt 0:00:23]} 18. h4 {[%emt 0:30:10]} Nc5 {[%emt 0:08:39]} 19. h5 {[%emt 0:00:14]} Nf8 {[%emt 0:00:20]} 20. h6 {[%emt 0:00:43]} g6 {[%emt 0:02:26]} 21. Rhf1 {[%emt 0:02:36]} f6 {[%emt 0:05:12]} 22. f5 {[%emt 0:04:06]} Qd8 {[%emt 0:12:52]} 23. fxe6 {[%emt 0:03:52]} fxg5 {[%emt 0:08:44]} 24. Bg4 {[%emt 0:00:46]} 1-0

[Event "CZE-tht Extraliga 2018-19"]
[Site "Czech Republic"]
[Date "2019.02.10"]
[Round "8.2"]
[White "Ponizil, Cyril"]
[Black "Vavra, Pavel"]
[Result "1/2-1/2"]
[WhiteElo "2503"]
[BlackElo "2348"]
[Annotator "ChessBase"]
[PlyCount "130"]
[EventDate "2018.11.03"]
[EventType "team-tourn"]
[EventCountry "CZE"]
[SourceTitle "playchess.com"]
[Source "ChessBase"]
[SourceQuality "1"]
[WhiteTeam "Duras"]
[BlackTeam "Siesta B"]
[TimeControl "40/5400+30:1800+30"]

1. e4 {[%emt 0:00:00]} e6 {[%emt 0:00:00]} 2. d4 {[%emt 0:00:00]} d5 {[%emt 0:00:00]} 3. Nd2 {[%emt 0:00:00]} Nf6 {[%emt 0:00:00]} 4. e5 {[%emt 0:00:00]} Nfd7 {[%emt 0:00:03]} 5. Ngf3 {[%emt 0:00:02]} c5 {[%emt 0:00:22]} 6. c3 {[%emt 0:00:04]} Nc6 {[%emt 0:00:09]} 7. Bd3 {[%emt 0:00:05]} g6 {[%emt 0:00:17]} 8. h4 {[%emt 0:04:44]} h6 {[%emt 0:06:48]} 9. Nf1 {[%emt 0:01:32]} Qa5 {[%emt 0:04:34]} 10. dxc5 {[%emt 0:04:50]} Ndxe5 {[%emt 0:06:05]} 11. Nxe5 {[%emt 0:00:26]} Nxe5 {[%emt 0:00:06]} 12. b4 {[%emt 0:00:04]} Qc7 {[%emt 0:10:57]} 13. f4 {[%emt 0:04:11]} Nxd3+ {[%emt 0:08:16]} 14. Qxd3 {[%emt 0:00:03]} Bg7 {[%emt 0:02:18]} 15. Be3 {[%emt 0:09:15]} e5 {[%emt 0:01:58]} 16. Qxd5 {[%emt 0:06:03]} Be6 {[%emt 0:04:19]} 17. Qe4 {[%emt 0:01:33]} O-O-O {[%emt 0:02:52]} 18. fxe5 {[%emt 0:14:16]} Bxe5 {[%emt 0:03:56]} 19. Rc1 {[%emt 0:04:35]} Rhe8 {[%emt 0:05:29]} 20. Kf2 {[%emt 0:01:37]} f5 {[%emt 0:10:30]} 21. Qf3 {[%emt 0:04:11]} f4 {[%emt 0:04:20]} 22. Bd2 {[%emt 0:00:04]} h5 {[%emt 0:10:31]} 23. Kg1 {[%emt 0:04:03]} Bc4 {[%emt 0:04:57]} 24. Qf2 {[%emt 0:04:24]} Qd7 {[%emt 0:00:25]} 25. Bxf4 {[%emt 0:13:32]} Rf8 {[%emt 0:00:18]} 26. g3 {[%emt 0:00:04]} Bxf4 {[%emt 0:01:36]} 27. gxf4 {[%emt 0:00:09]} Qg4+ {[%emt 0:00:23]} 28. Qg3 {[%emt 0:04:47]} Rxf4 {[%emt 0:00:11]} 29. Qxg4+ {[%emt 0:03:39]} Rxg4+ {[%emt 0:00:04]} 30. Kf2 {[%emt 0:00:03]} Rf8+ {[%emt 0:00:14]} 31. Ke3 {[%emt 0:00:05]} Rg2 {[%emt 0:00:35]} 32. Kd4 {[%emt 0:10:42]} Rf4+ {[%emt 0:05:51]} 33. Ke3 {[%emt 0:00:01]} Rf7 {[%emt 0:02:02]} 34. Kd4 {[%emt 0:01:08]} Rf4+ {[%emt 0:00:49]} 35. Ke3 {[%emt 0:00:01]} Rf7 {[%emt 0:00:11]} 36. Kd4 {[%emt 0:00:02]} Rg4+ {[%emt 0:00:04]} 37. Ke3 {[%emt 0:00:37]} Re7+ {[%emt 0:01:07]} 38. Kf2 {[%emt 0:00:31]} Rf7+ {[%emt 0:01:47]} 39. Ke3 {[%emt 0:00:07]} Re7+ {[%emt 0:00:00]} 40. Kf2 {[%emt 0:02:05]} Re2+ {[%emt 0:00:00]} 41. Kf3 {[%emt 0:30:15]} Rxa2 {[%emt 0:05:15]} 42. Ke3 {[%emt 0:00:00]} Re2+ {[%emt 0:16:05]} 43. Kf3 {[%emt 0:00:00]} Reg2 {[%emt 0:04:55]} 44. Ke3 {[%emt 0:00:00]} Rg1 {[%emt 0:05:16]} 45. Nd2 {[%emt 0:00:00]} R1g3+ {[%emt 0:01:26]} 46. Nf3 {[%emt 0:00:00]} Bd5 {[%emt 0:00:12]} 47. Rcf1 {[%emt 0:00:00]} Re4+ {[%emt 0:00:30]} 48. Kd2 {[%emt 0:00:00]} Re8 {[%emt 0:00:13]} 49. Nd4 {[%emt 0:00:00]} Bxh1 {[%emt 0:00:09]} 50. Rxh1 {[%emt 0:00:00]} Rf8 {[%emt 0:01:22]} 51. Kc2 {[%emt 0:00:00]} Rf4 {[%emt 0:00:30]} 52. b5 {[%emt 0:00:00]} g5 {[%emt 0:01:07]} 53. hxg5 {[%emt 0:00:00]} Rxg5 {[%emt 0:00:14]} 54. c6 {[%emt 0:00:00]} bxc6 {[%emt 0:01:22]} 55. bxc6 {[%emt 0:00:00]} h4 {[%emt 0:00:28]} 56. Re1 {[%emt 0:00:00]} Rxd4 {[%emt 0:02:22]} 57. cxd4 {[%emt 0:00:00]} Rh5 {[%emt 0:00:21]} 58. d5 {[%emt 0:00:00]} Rxd5 {[%emt 0:00:39]} 59. Re8+ {[%emt 0:00:00]} Kc7 {[%emt 0:00:06]} 60. Rh8 {[%emt 0:00:00]} Rd4 {[%emt 0:00:56]} 61. Rh6 {[%emt 0:00:00]} a5 {[%emt 0:00:30]} 62. Kb2 {[%emt 0:00:00]} a4 {[%emt 0:00:23]} 63. Ka2 {[%emt 0:00:00]} Kb6 {[%emt 0:01:00]} 64. Ka3 {[%emt 0:00:00]} Rc4 {[%emt 0:00:08]} 65. Ka2 {[%emt 0:00:00]} Rxc6 1/2-1/2

[Event "CZE-tht Extraliga 2018-19"]
[Site "Czech Republic"]
[Date "2019.02.10"]
[Round "8.2"]
[White "Stohl, Igor"]
[Black "Najer, Evgeniy"]
[Result "1/2-1/2"]
[WhiteElo "2488"]
[BlackElo "2666"]
[Annotator "TA"]
[PlyCount "29"]
[EventDate "2018.11.03"]
[EventType "team-tourn"]
[EventCountry "CZE"]
[SourceTitle "playchess.com"]
[Source "ChessBase"]
[SourceQuality "1"]
[WhiteTeam "Brno"]
[BlackTeam "Lysa nad Labem"]

{[%evp 14,29,7,7,21,29,21,13,4,5,33,36,26,19,54,46,48,34]} 1. Nf3 Nf6 2. d4 g6 3. g3 Bg7 4. Bg2 d5 5. O-O O-O 6. Nbd2 Na6 {[%cal Bb8a6,Ba6b4,Bb4c6][%mdl 32]} 7. b3 c5 8. Bb2 cxd4 {D02: 1 d4 d5 2 Nf3 sidelines, including 2...Nf6 3 g3 and 2...Nf6 3 Bf4} (8... b6 9. c4 Bb7 10. e3 e6 11. Qe2 Qe7 12. Rac1 Rac8 13. Rfd1 Rfd8 14. cxd5 Nxd5 15. Nc4 Nf6 16. Nfe5 Bxg2 17. Kxg2 cxd4 18. Bxd4 {1-0 (35) Wojtaszek,R (2727)-Svane,R (2595) Douglas 2018}) 9. Bxd4 Nb4 10. Bb2 Nc6 {The position is equal.} 11. c4 $146 ({Predecessor:} 11. e3 Qa5 12. c4 Rd8 13. cxd5 Nxd5 14. Bxg7 Kxg7 15. Nc4 Qc3 16. Rc1 {0-1 (37) Hegeler,F (2356)-Ftacnik,L (2585) Hamburg 1999}) 11... d4 12. b4 Nxb4 13. Nxd4 Ng4 14. Ne4 Nc6 {[%cal Rg7d4]} 15. Nxc6 1/2-1/2

[Event "CZE-tht Extraliga 2018-19"]
[Site "Czech Republic"]
[Date "2019.02.10"]
[Round "8.2"]
[White "Simacek, Pavel"]
[Black "Velicka, Petr"]
[Result "1/2-1/2"]
[WhiteElo "2479"]
[BlackElo "2434"]
[Annotator "TA"]
[PlyCount "68"]
[EventDate "2018.11.03"]
[EventType "team-tourn"]
[EventCountry "CZE"]
[SourceTitle "playchess.com"]
[Source "ChessBase"]
[SourceQuality "1"]
[WhiteTeam "Turnov"]
[BlackTeam "Ostrava"]

{[%evp 18,68,14,13,26,14,19,0,0,0,7,15,9,14,9,9,14,8,20,0,0,0,0,0,0,0,0,0,0,0,0,0,0,0,0,0,0,0,0,0,7,0,11,0,0,0,0,0,0,0,0,0,0]} 1. e4 c6 2. d4 d5 3. Nc3 dxe4 4. Nxe4 Bf5 5. Ng3 Bg6 6. h4 h6 7. Nf3 e6 8. Ne5 Bh7 9. Bd3 Bxd3 10. Qxd3 Nd7 {B19: Classical Caro-Kann: 4...Bf5 main line} 11. f4 Be7 {The position is equal.} 12. Bd2 Nxe5 13. fxe5 {Black should prevent 0-0.} Bxh4 14. O-O-O Bxg3 $1 15. Qxg3 Ne7 16. Qxg7 {[%mdl 64] [#] Double Attack} Rg8 17. Qxh6 {next c3 is good for White.} Qd5 18. Bg5 {Strongly threatening Bxe7.} (18. Kb1) 18... Qxa2 {...Qa1+ is the strong threat.} 19. c3 $146 Kd7 {aiming for ...Rg6.} 20. Bxe7 {[#] Hoping for Bg5.} Rxg2 {[%csl Gg2][%cal Ra2b2]} ({Don't go for} 20... Kxe7 $2 21. Qf6+ Ke8 22. Rh8 $18) 21. Rd2 Qa1+ 22. Kc2 Qa4+ 23. Kb1 Rxd2 $1 24. Qxd2 Kxe7 $11 {[%mdl 4096] Endgame KQR-KQR} 25. Qg5+ Kd7 26. Qg7 Re8 27. Qxf7+ Re7 28. Qf8 {Threatens to win with Qb8.} Qb5 29. Kc1 {White threatens Rh8 and mate.} Qd3 30. Rh8 {[%csl Gh8][%cal Rf8d8]} Qe3+ 31. Kd1 {[%csl Gh8][%cal Rf8d8]} Qd3+ 32. Ke1 {[%csl Gh8][%cal Rf8d8]} Qe3+ 33. Kd1 {[%csl Gh8][%cal Rf8d8]} Qd3+ 34. Kc1 {[%csl Gh8][%cal Rf8d8]} Qe3+ {Accuracy: White = 56%, Black = 71%.} 1/2-1/2

[Event "CZE-tht Extraliga 2018-19"]
[Site "Czech Republic"]
[Date "2019.02.10"]
[Round "8.2"]
[White "Straka, Vojtech"]
[Black "Michalik, Peter"]
[Result "1/2-1/2"]
[WhiteElo "2362"]
[BlackElo "2567"]
[Annotator "ChessBase"]
[PlyCount "57"]
[EventDate "2018.11.03"]
[EventType "team-tourn"]
[EventCountry "CZE"]
[SourceTitle "playchess.com"]
[Source "ChessBase"]
[SourceQuality "1"]
[WhiteTeam "Cesky Tesin"]
[BlackTeam "Siesta"]
[TimeControl "40/5400+30:1800+30"]

1. c4 {[%emt 0:00:00]} e5 {[%emt 0:00:17]} 2. g3 {[%emt 0:01:33]} Nf6 {[%emt 0:00:30]} 3. Bg2 {[%emt 0:00:09]} d5 {[%emt 0:00:35]} 4. cxd5 {[%emt 0:00:10]} Nxd5 {[%emt 0:00:06]} 5. Nc3 {[%emt 0:00:33]} Nb6 {[%emt 0:00:27]} 6. Nf3 {[%emt 0:00:31]} Nc6 {[%emt 0:00:10]} 7. O-O {[%emt 0:00:19]} Be7 {[%emt 0:00:19]} 8. d3 {[%emt 0:02:38]} O-O {[%emt 0:01:16]} 9. Be3 {[%emt 0:00:23]} Re8 {[%emt 0:02:55]} 10. Rc1 {[%emt 0:02:42]} Bf8 {[%emt 0:00:48]} 11. a3 {[%emt 0:13:37]} Nd4 {[%emt 0:09:07]} 12. Ne4 {[%emt 0:06:29]} a5 {[%emt 0:05:58]} 13. Nxd4 {[%emt 0:24:26]} exd4 {[%emt 0:00:07]} 14. Bg5 {[%emt 0:00:11]} f6 {[%emt 0:15:47]} 15. Bd2 {[%emt 0:00:14]} a4 {[%emt 0:06:38]} 16. Bb4 {[%emt 0:03:12]} Bxb4 {[%emt 0:04:09]} 17. axb4 {[%emt 0:01:20]} Qe7 {[%emt 0:00:12]} 18. Qd2 {[%emt 0:07:42]} c6 {[%emt 0:04:13]} 19. Rfe1 {[%emt 0:12:20]} Be6 {[%emt 0:02:23]} 20. Nc5 {[%emt 0:02:05]} Bd5 {[%emt 0:06:12]} 21. Qf4 {[%emt 0:03:32]} Bxg2 {[%emt 0:18:21]} 22. Kxg2 {[%emt 0:00:06]} Nd5 {[%emt 0:00:10]} 23. Qxd4 {[%emt 0:02:30]} b6 {[%emt 0:00:04]} 24. Ne4 {[%emt 0:01:45]} Qxb4 {[%emt 0:00:05]} 25. Qxb4 {[%emt 0:02:53]} Nxb4 {[%emt 0:00:05]} 26. Rc4 {[%emt 0:00:08]} c5 {[%emt 0:00:53]} 27. Ra1 {[%emt 0:00:13]} Ra5 {[%emt 0:04:25]} 28. Nc3 {[%emt 0:01:53]} Rea8 {[%emt 0:00:07]} 29. Ra3 {[%emt 0:00:55]} 1/2-1/2

[Event "CZE-tht Extraliga 2018-19"]
[Site "Czech Republic"]
[Date "2019.02.10"]
[Round "8.3"]
[White "Wang, Hao"]
[Black "Antoniewski, Rafal"]
[Result "1-0"]
[WhiteElo "2714"]
[BlackElo "2513"]
[Annotator "TA"]
[PlyCount "145"]
[EventDate "2018.11.03"]
[EventType "team-tourn"]
[EventCountry "CZE"]
[SourceTitle "playchess.com"]
[Source "ChessBase"]
[SourceQuality "1"]
[WhiteTeam "Novoborsky"]
[BlackTeam "Beskydska"]

{[%evp 12,145,32,31,35,34,28,30,27,10,22,25,22,20,89,93,143,146,141,143,140,133,139,130,130,115,140,120,151,144,148,145,181,148,162,151,176,171,180,156,144,119,156,153,169,172,164,107,114,114,127,97,106,106,106,106,118,106,106,106,106,113,106,90,90,90,90,90,104,90,85,0,98,85,90,90,90,90,90,90,97,90,105,105,95,94,101,23,32,29,31,32,29,23,84,30,93,92,258,258,258,258,258,258,258,258,258,258,258,258,258,258,294,294,279,0,272,248,450,248,248,248,248,248,583,580,29971,29972,29972,29973,29973,29973,29973,29974,29986,29987]} 1. e4 c5 2. Nf3 Nc6 3. Nc3 e5 4. Bc4 Be7 5. d3 d6 6. Nd2 Nf6 7. Nf1 Nd7 {B30: Sicilian: 2...Nc6 3 Bb5, lines without ...g6} 8. Ne3 Nb6 9. O-O O-O {White has an edge.} 10. a3 Bg5 11. Ba2 Be6 12. Ncd5 Ne7 $146 {[#]} (12... Qd7 $11 {keeps the balance.}) ({Predecessor:} 12... Bxe3 13. fxe3 Ne7 14. Qf3 Nbxd5 15. exd5 Bd7 16. b4 {½-½ (53) Movsesian,S (2700)-Jurcik,M (2481) Czechia 2014}) 13. Nxb6 $1 $16 axb6 {[#]} 14. Bxe6 $1 Bxe3 {[#]} 15. Bxf7+ $1 {[%mdl 512]} Rxf7 16. Bxe3 Qd7 17. h3 d5 18. Qh5 Ng6 19. Qg4 Qc6 20. exd5 Qxd5 21. Qc4 Qd7 22. b4 b5 23. Qe4 (23. Qxc5 Rc8 $11) 23... cxb4 24. axb4 Rc8 25. Ra2 Nf4 {aiming for ...Ne2+.} 26. Bd2 (26. Qxe5 $6 Ne2+ 27. Kh2 Re8 $16) 26... Qd4 27. Bxf4 Rxf4 28. Qxb7 {[%mdl 64] Double Attack} Rcf8 {[%cal Rf4f2]} 29. Qa7 ({Stronger than} 29. Qxb5 Rxf2 30. Rxf2 Qxf2+ 31. Kh1 Qf1+ 32. Kh2 Qf4+ 33. Kh1 Qc1+ 34. Kh2 Qf4+ 35. Kh1 Qc1+ 36. Kh2 Qf4+ $11) (29. Kh1 $18) 29... Qxb4 30. f3 Qc3 31. Rb1 b4 32. Qe3 h6 33. Rb3 Qc7 34. Rab2 Qd6 35. Qe1 {[%cal Rb3b4]} Rc8 36. Kh1 Kh7 37. Qb1 {[%cal Rb3b4]} Qc6 38. Qd1 Qd6 39. Qe1 Rc7 40. Qb1 {[%cal Rb3b4]} Qc6 41. Qe1 Qd6 42. Ra2 Qd5 43. Qe2 Rc6 44. Ra1 Qc5 45. Rb2 Qd4 46. Rba2 Rc3 47. Ra5 b3 48. cxb3 Rxd3 49. Rb1 (49. R1a4 $16 Qe3 50. Qxe3 (50. Rxe5 Qc1+ 51. Kh2 Rd2 $14) 50... Rxe3 51. b4) 49... e4 $11 50. Ra4 Qd7 $1 51. Rxe4 Rfxf3 $1 52. Re6 $36 {[%mdl 2048] Black is under pressure.} Rf8 (52... Rxb3 $11 53. Rd1 (53. gxf3 Rxb1+ 54. Kg2 Rd1 $11) 53... Rbd3 54. Qe4+ Kg8 55. Re8+ Kf7 56. Qxf3+ Rxf3 57. Rxd7+ Kxe8 58. Rxg7 Rf6) 53. b4 (53. Qe4+ $16 Kg8 54. b4) 53... Qd5 (53... Qd4 $11 {remains equal.}) 54. Qg4 $16 Qf5 $2 (54... Rf2 $16 {was necessary.} 55. Qg6+ Kg8) 55. Qxf5+ $18 Rxf5 {[%mdl 4096] Endgame KRR-KRR} 56. b5 Rf7 57. b6 Rb7 58. Rc6 Ra3 59. Kh2 Rd3 60. Rb4 Re3 61. Rb5 Rd3 62. h4 Re3 63. g3 $2 ({White should try} 63. h5 $18) 63... Ree7 $2 {[%mdl 8192]} (63... Re2+ $11 {and Black stays safe.} 64. Kh3 Ree7) 64. Kh3 Re4 $2 (64... Red7 65. Ra5 Kg8 66. Ra8+ Kf7) 65. Kg2 (65. h5 $142) 65... Re1 66. Kf2 Re4 67. Kf3 Re1 $2 (67... Ree7 {is more resistant.} 68. Kf4 Kg8) 68. Rc7 Rxc7 69. bxc7 {White mates.} Rc1 70. Rb7 Kg6 71. Ke4 Kh5 72. Kd5 Kg4 73. Rb4+ {Accuracy: White = 71%, Black = 47%.} 1-0

[Event "CZE-tht Extraliga 2018-19"]
[Site "Czech Republic"]
[Date "2019.02.10"]
[Round "8.3"]
[White "Landa, Konstantin"]
[Black "Polak, Tomas"]
[Result "1/2-1/2"]
[WhiteElo "2616"]
[BlackElo "2510"]
[Annotator "TA"]
[PlyCount "31"]
[EventDate "2018.11.03"]
[EventType "team-tourn"]
[EventCountry "CZE"]
[SourceTitle "playchess.com"]
[Source "ChessBase"]
[SourceQuality "1"]
[WhiteTeam "Lysa nad Labem"]
[BlackTeam "Brno"]

{[%evp 13,31,22,18,18,33,8,17,-11,-10,-16,0,-17,0,0,0,0,0,0,5,-2]} 1. d4 Nf6 2. c4 e6 3. Nc3 d5 4. cxd5 exd5 5. Bg5 c6 6. e3 Be7 7. Bd3 Nbd7 8. h3 {D35: Queen's Gambit Declined: Exchange Variation} (8. Nge2 Nf8 9. O-O Ne6 10. Bh4 g6 11. b4 a6 12. Na4 O-O 13. Nc5 Ng7 14. Rc1 Nfe8 15. Bxe7 Qxe7 16. a4 Nd6 {½-½ (43) Ding,L (2813)-Fedoseev,V (2724) Wijk aan Zee 2019}) 8... Nb6 9. Qf3 h6 {The position is equal.} 10. Bxf6 $146 ({Predecessor:} 10. Bf4 Be6 11. Nge2 Bd6 12. O-O-O Qe7 13. g4 O-O-O 14. g5 Ne4 15. gxh6 g5 16. Nxe4 dxe4 17. Bxd6 Qxd6 18. Qxe4 Rxh6 {½-½ (34) Narciso Dublan,M (2482)-Ibarra Jerez,J (2563) Linares 2016}) 10... Bxf6 11. Nge2 Bg5 12. Ng3 g6 13. O-O O-O 14. b4 a6 15. a4 Qd6 16. Rab1 1/2-1/2

[Event "CZE-tht Extraliga 2018-19"]
[Site "Czech Republic"]
[Date "2019.02.10"]
[Round "8.3"]
[White "Bobras, Piotr"]
[Black "Stocek, Jiri"]
[Result "1/2-1/2"]
[WhiteElo "2488"]
[BlackElo "2588"]
[Annotator "ChessBase"]
[PlyCount "66"]
[EventDate "2018.11.03"]
[EventType "team-tourn"]
[EventCountry "CZE"]
[SourceTitle "playchess.com"]
[Source "ChessBase"]
[SourceQuality "1"]
[WhiteTeam "Poruba"]
[BlackTeam "Pardubice"]
[TimeControl "40/5400+30:1800+30"]

1. e4 {[%emt 0:00:00]} e5 {[%emt 0:00:58]} 2. Nf3 {[%emt 0:00:00]} Nc6 {[%emt 0:00:06]} 3. Bb5 {[%emt 0:00:00]} a6 {[%emt 0:00:26]} 4. Ba4 {[%emt 0:00:04]} g6 {[%emt 0:00:31]} 5. c3 {[%emt 0:07:18]} Bg7 {[%emt 0:00:37]} 6. d4 {[%emt 0:00:18]} b5 {[%emt 0:00:57]} 7. Bb3 {[%emt 0:00:23]} exd4 {[%emt 0:00:38]} 8. Bg5 {[%emt 0:11:26]} Nge7 {[%emt 0:05:37]} 9. Nxd4 {[%emt 0:00:24]} Na5 {[%emt 0:15:13]} 10. Qf3 {[%emt 0:08:21]} Nxb3 {[%emt 0:03:34]} 11. axb3 {[%emt 0:00:04]} Bb7 {[%emt 0:02:00]} 12. Nd2 {[%emt 0:01:05]} O-O {[%emt 0:09:23]} 13. Bf6 {[%emt 0:02:43]} c5 {[%emt 0:05:13]} 14. Ne2 {[%emt 0:08:38]} Bxf6 {[%emt 0:08:56]} 15. Qxf6 {[%emt 0:00:07]} Nc6 {[%emt 0:01:55]} 16. Qd6 {[%emt 0:09:05]} Qe7 {[%emt 0:02:40]} 17. Qxe7 {[%emt 0:05:59]} Nxe7 {[%emt 0:00:12]} 18. f3 {[%emt 0:00:02]} d5 {[%emt 0:04:59]} 19. exd5 {[%emt 0:01:07]} Nxd5 {[%emt 0:01:55]} 20. Ne4 {[%emt 0:02:19]} Ne3 {[%emt 0:01:17]} 21. Kf2 {[%emt 0:04:24]} Ng4+ {[%emt 0:03:45]} 22. fxg4 {[%emt 0:11:29]} Bxe4 {[%emt 0:00:11]} 23. b4 {[%emt 0:00:06]} Rfc8 24. bxc5 {[%emt 0:00:12]} Rxc5 {[%emt 0:04:28]} 25. Rhd1 {[%emt 0:02:18]} Rcc8 {[%emt 0:05:43]} 26. Rd4 {[%emt 0:03:06]} Bb7 {[%emt 0:02:18]} 27. Nf4 {[%emt 0:00:26]} a5 {[%emt 0:02:26]} 28. Re1 {[%emt 0:13:45]} a4 {[%emt 0:03:16]} 29. Re5 {[%emt 0:05:33]} a3 {[%emt 0:04:06]} 30. bxa3 {[%emt 0:00:05]} Rxc3 {[%emt 0:04:22]} 31. Rxb5 {[%emt 0:02:54]} Bc6 {[%emt 0:03:52]} 32. Rb2 {[%emt 0:00:48]} Rcxa3 {[%emt 0:00:36]} 33. h3 {[%emt 0:01:07]} R3a4 {[%emt 0:01:16]} 1/2-1/2